000 00442nam a22001817a 4500
003 PILC
005 20151020141109.0
008 131001t xxu||||| |||| 00| 0 eng d
020 _a4081080879
050 _aPZ 7
_b.D759 2000
082 _aGS 794.8
_bD78 2000
245 _aDragon quest /
260 _aJapan,
_c2000
300 _a231 p. :
_bill. col. ;
_c23 cm.
650 _aJuvenile Fiction
_918103
942 _2lcc
_cBK
999 _c12479
_d12479